=LDR 00000nam 2200000 4500 =001 INLIS000000000043251 =005 20131008103012 =008 ************************************* =035 ##$$0010-101300000001173 =245 ##$$a Keajaiaban di planet =260 ##$$a 2003 $b Jakarta =300 ##$$a 1 VCD, 4 3/4 =850 ##$$a NBPNMAT